000
00218nam a2200097Ia 4500
008
240331s9999 xx 000 0 und d
082
_b
WAT
100
_a
Perera,k.A.G. ed
245
0
_a
Wathukaraye sanskruthiya
942
_c
L
999
_c
4618
_d
4618